Pays en L - Statistiques

Statistiques générales
  • Ce quiz a été pris 2 225 fois
  • Le résultat moyen est 7 sur 9
Statistiques - réponses
Pays % Correct
Lituanie
96%
Lettonie
93%
Liban
77%
Laos
75%
Libye
74%
Luxembourg
71%
Liechtenstein
68%
Lesotho
64%
Libéria
63%
Aucun quiz correspondant
Distribution des résultats
% des personnes avec chaque résultat
Percentile par nombre de réponses
Votre historique - résultats
Vous n’avez pas pris ce quiz